It looks like you're offline.
Open Library logo
additional options menu

MARC record from Internet Archive

LEADER: 02385cam 22005297i 4500
001 ocn952433755
003 OCoLC
005 20220901082050.0
008 121203s2013 maua j 000 0 eng d
010 $a 2012955121
040 $aOKU$beng$erda$cDLC$dOKU$dBTCTA$dYDXCP$dOCLCF$dOCLCQ$dOCLCA$dOCLCO
019 $a827258336
020 $a9780763668921
020 $a0763668923
035 $a(OCoLC)952433755$z(OCoLC)827258336
042 $alccopycat
050 00 $aTT560$b.H39 2013
100 1 $aHaworth, Hennie,$eillustrator$4ill
245 10 $aAccessorize /$cHennie Haworth ; written and edited by Jenny Broom.
250 $aFirst U.S. edition.
264 1 $aSomerville, Massachusetts :$bBig Picture Press, an imprint of Candlewick Press,$c2013.
300 $a1 volume (unpaged) :$bchiefly illustrations (some color) ;$c29 cm.
336 $astill image$bsti$2rdacontent
336 $atext$btxt$2rdacontent
337 $aunmediated$bn$2rdamedia
338 $avolume$bnc$2rdacarrier
490 1 $aArtcards
500 $aCover title.
500 $a"Over 600 stickers and 16 artcards to stick and style."--Cover.
521 $aAges 6-9.
520 $aIntroducing ArtCards: original pieces of art made for you and made by you! Set your imagination free with sixteen pull-out ArtCards to color in and decorate with twenty pages containing over six hundred stickers. With cheeky captions and highly detailed contemporary illustrations from up-and-coming designer Hennie Haworth, this fresh take on an activity book will appeal to children and teens alike.
650 0 $aDress accessories$vJuvenile literature.
650 0 $aStickers$vJuvenile literature.
650 0 $aToy and movable books$vSpecimens.
650 6 $aVêtements$xAccessoires$vOuvrages pour la jeunesse.
650 6 $aAutocollants$vOuvrages pour la jeunesse.
650 7 $aDress accessories.$2fast$0(OCoLC)fst00897974
650 7 $aStickers.$2fast$0(OCoLC)fst01133351
650 7 $aToy and movable books.$2fast$0(OCoLC)fst01153422
655 7 $aJuvenile works.$2fast$0(OCoLC)fst01411637
655 7 $aSpecimens.$2fast$0(OCoLC)fst01423861
700 1 $aBroom, Jenny,$eauthor,$eeditor$4aut$4edt
830 0 $aArtcards.
938 $aBaker and Taylor$bBTCP$nBK0012763699
938 $aYBP Library Services$bYANK$n10002980
994 $aZ0$bIME
948 $hNO HOLDINGS IN IME - 5 OTHER HOLDINGS